00634nam a22001697a 4500003000900000008004100009020001800050040007100068082001700139100002200156245006500178260003100243300002600274505012800300650002400428650001200452AR-CdUCM190320b           ||||| |||| 00| 0 spa d  a968-409-818-9  aMUNICIPALIDAD PROVINCIAL DEL CUSCOcBIBLIOTECA MUNICIPAL DEL CUSCO  a531.6 /bC26  aCarless, Jennifer  aEnergía renovable :bGuía de alternativas ecológicas /  aMéxico :bEdamex,c1995.  a245 paginas ;c21 cm.  aContenido :Energía solar -- Energía eólica -- Fuerza hidroeléctrica -- Energía geotecnica --Energía biomasa ...  aLa era del petroleo  aMetanol